| 000 | 00350 a2200145 4500 | ||
|---|---|---|---|
| 001 | 168612 | ||
| 020 | _a | ||
| 040 | _cMagnum | ||
| 100 | _aEstado de Minas | ||
| 240 | 1 | 0 |
_a7 Decadas: a historia e a vida de minas em retrato _lpor |
| 245 | 1 | 0 | _a7 Decadas: a historia e a vida de minas em retrato |
| 362 | 0 | _a1899 | |
| 697 | _aGERAL | ||
| 942 | _cBK | ||
| 999 |
_c168612 _d168612 |
||